Песнь мира: стихи

Detalhes bibliográficos
Outros Autores: Гашева Н. Н. (составитель)
Resumo:Переводчики указаны в содерж.
В книге использованы репродукции работ художников: Пабло Пикассо, Ренато Гуттузо, Юрия Васильева,Ганса Грундига, Давида Сикейроса, Харэна Даса, Стасиса Красаускаса, Рокуэлла Кента, Франса Мазереля.
В суперобложке.
В сборник вошли стихи прогрессивных поэтов пяти континентов Земли о мире.
Idioma:russo
Publicado em: Пермь, Пермское книжное издательство, 1981
Assuntos:
Formato: Livro
KOHA link:https://koha.lib.tpu.ru/cgi-bin/koha/opac-detail.pl?biblionumber=224360

MARC

LEADER 00000nam0a2200000 4500
001 224360
005 20231031200354.0
010 |b 6000 экз. 
035 |a (RuTPU)RU\TPU\book\244665 
090 |a 224360 
100 |a 20121025d1981 m y0rusy50 ca 
101 2 |a rus  |c geo  |c spa  |c fre  |c rum  |c hin  |c ger  |c hun  |c pol  |c fin  |c ita  |c eng  |c swe  |c lit  |c por  |c jpn  |c cze  |c ukr  |c mon  |c bul  |c bel  |c vie  |c tur  |c kab  |c scc  |c scr  |c gre 
102 |a RU 
105 |a a z 000gy 
200 1 |a Песнь мира  |e  стихи  |f сост. Н. Н. Гашева 
210 |a Пермь  |c Пермское книжное издательство  |d 1981 
215 |a 136 с.  |c 15 ил.  |d 9 см. 
300 |a Переводчики указаны в содерж. 
300 |a В книге использованы репродукции работ художников: Пабло Пикассо, Ренато Гуттузо, Юрия Васильева,Ганса Грундига, Давида Сикейроса, Харэна Даса, Стасиса Красаускаса, Рокуэлла Кента, Франса Мазереля. 
300 |a В суперобложке. 
330 |a В сборник вошли стихи прогрессивных поэтов пяти континентов Земли о мире. 
610 1 |a стихи 
610 1 |a 20 век 
610 1 |a миниатюрные издания 
686 |a Ч611.68  |v LBC/SL-A  |2 rubbk 
702 1 |a Гашева  |b Н. Н.  |4 220 
801 1 |a RU  |b 63413507  |c 20121025 
801 2 |a RU  |b 63413507  |c 20130211  |g RCR 
942 |c BK